000 00324nam a22001337a 4500
082 _a894.812.3
_bMOO/T
100 _aMOOSAKUTTY,N
245 _aTHIRANJEDUTHA O.HENTRY KATHAKAL
250 _aSECOND
260 _aTHRISSUR
_bH&C PUBLISHING HOUSE
_c2009
300 _a128
650 _aSHORT STORY MALAYALAM
_zKERALA
942 _cBK
999 _c1293
_d1293